000 00338nam a2200133Ia 4500
005 20260328101459.0
008 260328s9999||||xx |||||||||||||| ||und||
100 _aBill, Max
245 0 _aLe Corbusier :
_b Obra completa - Vol. 3 (1934-1938) /
_cMax Bill
260 _bGirsberger
300 _a176 p.
650 _aARQUITECTOS
942 _cBK
999 _c8907
_d8907